000
00342nam a2200145Ia 4500
100
_a
Ross/ S.M.
942
_c
BK
654
_a
Probability
245
_a
Introd. to probability & statistics for engineers & scientists
260
_b
John wiley
_a
Singapore
_c
1987
082
_a
519.2
_b
Ros
300
_a
492
546
_a
ENGLISH
999
_c
26713
_d
26713